TV Shows: '90s, Not '80s Quiz Stats

 Plays Quiz Updated Apr 3, 2018

Challenge
Share
Tweet
Embed
Score 0/10 Timer 04:00
2 Plays Today
% Correct
Friends
93.2%
Everybody Loves Raymond
92.1%
Will & Grace
88.4%
King of the Hill
85.4%
Frasier
85.3%
Home Improvement
82.6%
ER
82.6%
The Fresh Prince of Bel-Air
78.8%
NYPD Blue
63.1%
Twin Peaks
48.8%

You're not logged in!

Compare scores with friends on all Sporcle quizzes.
OR
Log In

You Might Also Like...

Show Comments

Extras

Top Quizzes Today


Score Distribution

Your Account Isn't Verified!

In order to create a playlist on Sporcle, you need to verify the email address you used during registration. Go to your Sporcle Settings to finish the process.

Report this User

Report this user for behavior that violates our Community Guidelines.

Details: